<?xml version="1.0" encoding="UTF-8"?>
<collection xmlns="http://www.loc.gov/MARC21/slim">
  <record>
    <leader>00000nam  2200000   4500</leader>
    <controlfield tag="001">INLIS000000000015805</controlfield>
    <controlfield tag="005">20230906024509</controlfield>
    <datafield tag="035" ind1="#" ind2="#">
      <subfield code="a">0010-0923000046</subfield>
    </datafield>
    <datafield tag="245" ind1="1" ind2="#">
      <subfield code="a">Membangun Budaya Anti Suap Melalui Penerapan Sistem Manajemen Mutu dan SIstem Manajemen Anti Penyuapan di Kabupaten Aceh Singkil /</subfield>
      <subfield code="c">Ali Hasmi</subfield>
    </datafield>
    <datafield tag="100" ind1=" " ind2="#">
      <subfield code="a">Ali Hasmi</subfield>
    </datafield>
    <datafield tag="250" ind1="#" ind2="#">
      <subfield code="a">1</subfield>
    </datafield>
    <datafield tag="300" ind1="#" ind2="#">
      <subfield code="a">60 halaman :</subfield>
      <subfield code="b">ilus ;</subfield>
      <subfield code="c">30 cm</subfield>
    </datafield>
    <datafield tag="856" ind1="#" ind2="#">
      <subfield code="a">Perpustakaan LAN Pusat</subfield>
    </datafield>
    <datafield tag="260" ind1="#" ind2="#">
      <subfield code="a">Jakarta :</subfield>
      <subfield code="b">Pusbangkom Pimnas dan Manajerial ASN,</subfield>
      <subfield code="c">2022</subfield>
    </datafield>
    <datafield tag="084" ind1="#" ind2="#">
      <subfield code="a">R 150 PIM II 2022</subfield>
    </datafield>
    <datafield tag="650" ind1="#" ind2="4">
      <subfield code="a">Anti Suap</subfield>
    </datafield>
    <datafield tag="520" ind1="#" ind2="#">
      <subfield code="a">Sistem Manajemen Anti Penyuapan (SMAP) ini merupakan standar yang dirancang untuk membantu organisasi menetapkan, menerapkan, memelihara dan meningkatkan program kepatuhan anti suap. Sistem manajemen anti penyuapan dirancang untuk membantu organisasi menetapkan, menerapkan, memelihara dan meningkatkan program anti-suap, sistem manajemen ini menggunakan pendekatan berbasis risiko, sehingga memungkinkan instansi untuk membuat keputusan yang lebih baik dan proaktif mengelola risiko yang akan hadir</subfield>
    </datafield>
    <datafield tag="990" ind1="#" ind2="#">
      <subfield code="a">150</subfield>
    </datafield>
  </record>
</collection>
